Olaj a város alatt Át kell tervezni a városépítést?
Elmentve itt :
| Dokumentumtípus: | Cikk |
|---|---|
| Megjelent: |
1971-12-25
|
| Sorozat: | Délmagyarország
61 No. 304 |
| Kulcsszavak: | olaj |
| Online Access: | http://dmarchiv.bibl.u-szeged.hu/103656 |
| LEADER | 00422nab a2200145 i 4500 | ||
|---|---|---|---|
| 001 | delm103656 | ||
| 005 | 20190318085407.0 | ||
| 008 | 190318s1971 hu o 0|| hun d | ||
| 040 | |a SZTE Délmagyarország Archívum |b hun | ||
| 041 | |a hun | ||
| 245 | 0 | 0 | |a Olaj a város alatt |h [elektronikus dokumentum] : |b Át kell tervezni a városépítést? |
| 260 | |c 1971-12-25 | ||
| 300 | |a 1 | ||
| 490 | 0 | |a Délmagyarország |v 61 No. 304 | |
| 695 | |a olaj | ||